[Event "SLO-chT1 East 29th"]
[Site "Slovenia"]
[Date "2019.10.18"]
[Round "7.4"]
[White "Nikl Hutinski, Emanuel"]
[Black "Kodela, Matjaz"]
[Result "1-0"]
[WhiteElo "1669"]
[BlackElo "1984"]
[PlyCount "121"]
[EventDate "2019.09.06"]
[EventType "team-tourn"]
[EventRounds "9"]
[EventCountry "SLO"]
[SourceTitle "CBM 192 Extra"]
[Source "Chessbase"]
[SourceDate "2019.11.06"]
[SourceVersion "1"]
[SourceVersionDate "2019.11.06"]
[SourceQuality "1"]
[WhiteTeam "Slovenj Gradec"]
[BlackTeam "Lendava Rokada"]
[WhiteTeamCountry "SLO"]
[BlackTeamCountry "SLO"]

1. e4 c6 2. Nc3 d5 3. exd5 cxd5 4. d4 Nc6 5. Nf3 Nf6 6. Bb5 Bg4 7. h3 Bxf3 8. Qxf3 e6 9. 0-0 Rc8 10. Bg5 Be7 11. Rfe1 a6 12. Bxc6+ Rxc6 13. Bxf6 gxf6 14. Qd3 Qc7 15. Re3 Kd8 16. a3 f5 17. Rae1 Bf6 18. b3 h5 19. Rf3 Kc8 20. Re2 Kb8 21. Na2 Rc8 22. c3 Qd6 23. b4 Rc4 24. Qd2 Qf8 25. Qf4+ Ka8 26. g4 Qg7 27. Rg3 Bh4 28. Rg2 hxg4 29. hxg4 Bg5 30. gxf5 Bxf4 31. Rxg7 exf5 32. Rxf7 R4c7 33. Rxc7 Rxc7 34. Kg2 Rh7 35. Kf3 Bc7 36. Rc2 Rh3+ 37. Ke2 f4 38. Nc1 f3+ 39. Ke3 Bd8 40. Kf4 Bc7+ 41. Kg4 Rh1 42. Kxf3 Ka7 43. a4 Kb6 44. Kg2 Rd1 45. f3 Bd6 46. Nb3 Rb1 47. Nc5 Re1 48. Kf2 Rh1 49. Ke3 Re1+ 50. Re2 Rc1 51. Kd3 Rf1 52. Nd7+ Kc7 53. Ne5 Bxe5 54. dxe5 Rxf3+ 55. Kd4 Kc6 56. e6 Rf4+ 57. Ke5 Rh4 58. e7 Rh8 59. Ke6 b6 60. Rf2 Rh6+ 61. Rf6 1-0

[Event "SLO-chT1 East"]
[Site "Slovenia"]
[Date "2017.11.10"]
[Round "4"]
[White "Kodela, Matjaz"]
[Black "Zugaj, Fjodor"]
[Result "1/2-1/2"]
[WhiteElo "2007"]
[BlackElo "2143"]
[PlyCount "107"]
[EventDate "2017.09.29"]
[EventType "team-tourn"]
[EventRounds "9"]
[EventCountry "SLO"]
[SourceTitle "EXT 2019"]
[Source "ChessBase"]
[SourceDate "2018.10.10"]
[SourceVersion "1"]
[SourceVersionDate "2018.10.10"]
[SourceQuality "1"]
[WhiteTeam "Lendava Rokada"]
[BlackTeam "Maribor Branik"]
[WhiteTeamCountry "SLO"]
[BlackTeamCountry "SLO"]

1. d4 d5 2. c4 e6 3. Nc3 Nf6 4. Bg5 Nbd7 5. e3 Be7 6. Nf3 0-0 7. Qc2 c6 8. Rb1 a6 9. b4 Re8 10. Bd3 dxc4 11. Bxc4 Nd5 12. Bxe7 Qxe7 13. Qb3 N5b6 14. Be2 e5 15. 0-0 exd4 16. Nxd4 Nf6 17. Rfd1 Bd7 18. Qc2 Rad8 19. a3 g6 20. Rbc1 h5 21. Qb3 Ng4 22. Bxg4 hxg4 23. a4 Bc8 24. Rc2 Kg7 25. Rcd2 Rh8 26. a5 Nd7 27. Nce2 Ne5 28. Qc3 Qf6 29. Ng3 Rd5 30. Nde2 Rhd8 31. Rxd5 cxd5 32. Qc5 Be6 33. Nf4 Rh8 34. Nxd5 Bxd5 35. Qxd5 Nc6 36. Qc5 Rd8 37. Rxd8 Qxd8 38. Qc3+ f6 39. h3 gxh3 40. gxh3 Qe7 41. Qd2 Qxb4 42. Qd7+ Qe7 43. Qd5 Qd8 44. Qf3 Qxa5 45. h4 Qb5 46. h5 Ne5 47. Qe4 Qc6 48. Qb4 Qd7 49. hxg6 Nxg6 50. Nh5+ Kf7 51. Qb3+ Ke7 52. Qb4+ Kf7 53. Qb3+ Ke7 54. Qb4+ 1/2-1/2

[Event "SLO-chT1 East"]
[Site "Slovenia"]
[Date "2017.10.01"]
[Round "3"]
[White "Kodela, Matjaz"]
[Black "Povse, Tim"]
[Result "1-0"]
[WhiteElo "2007"]
[BlackElo "1370"]
[PlyCount "59"]
[EventDate "2017.09.29"]
[EventType "team-tourn"]
[EventRounds "9"]
[EventCountry "SLO"]
[SourceTitle "EXT 2019"]
[Source "ChessBase"]
[SourceDate "2018.10.10"]
[SourceVersion "1"]
[SourceVersionDate "2018.10.10"]
[SourceQuality "1"]
[WhiteTeam "Lendava Rokada"]
[BlackTeam "Milan Majcen Sevnica"]
[WhiteTeamCountry "SLO"]
[BlackTeamCountry "SLO"]

1. d4 d5 2. c4 e6 3. Nc3 Nf6 4. Bg5 Be7 5. e3 0-0 6. Nf3 c6 7. Qc2 h6 8. Bh4 Nh5 9. Bxe7 Qxe7 10. Ne5 Nd7 11. Rb1 Nhf6 12. f4 dxc4 13. Bxc4 Nxe5 14. dxe5 Nd5 15. Qe4 Qc5 16. Nd1 Qb4+ 17. Ke2 Nb6 18. Bd3 Qxe4 19. Bxe4 Nd5 20. Nf2 b6 21. Rhc1 Ba6+ 22. Kf3 Rac8 23. b4 Bb5 24. Rb3 Rc7 25. Bb1 a5 26. bxa5 bxa5 27. e4 a4 28. Rb2 Rb8 29. exd5 Be2+ 30. Rxe2 1-0

[Event "SLO-chT1 East"]
[Site "Slovenia"]
[Date "2017.09.30"]
[Round "2"]
[White "Zidansek, Ivana"]
[Black "Kodela, Matjaz"]
[Result "0-1"]
[WhiteElo "1629"]
[BlackElo "2007"]
[PlyCount "54"]
[EventDate "2017.09.29"]
[EventType "team-tourn"]
[EventRounds "9"]
[EventCountry "SLO"]
[SourceTitle "EXT 2019"]
[Source "ChessBase"]
[SourceDate "2018.10.10"]
[SourceVersion "1"]
[SourceVersionDate "2018.10.10"]
[SourceQuality "1"]
[WhiteTeam "Pomgrad Radenska II"]
[BlackTeam "Lendava Rokada"]
[WhiteTeamCountry "SLO"]
[BlackTeamCountry "SLO"]

1. e4 c6 2. d4 d5 3. e5 Bf5 4. Bd3 Bxd3 5. Qxd3 Qa5+ 6. c3 Qa6 7. Qc2 e6 8. Ne2 c5 9. Be3 cxd4 10. Nxd4 Nc6 11. Nd2 Nxe5 12. Qb3 Rc8 13. Nb5 Nd3+ 14. Kd1 Nc5 15. Bxc5 Bxc5 16. f4 Nf6 17. h3 0-0 18. g4 Qb6 19. a4 Be3 20. a5 Qc5 21. Ra4 Bxd2 22. Kxd2 Ne4+ 23. Kc2 Qf2+ 24. Kc1 Qe3+ 25. Kc2 a6 26. Nd4 Nc5 27. Qb4 Qe4+ 0-1

[Event "SLO-chT1 East"]
[Site "Slovenia"]
[Date "2016.09.23"]
[Round "1"]
[White "Kodela, Matjaz"]
[Black "Grujic, Predrag"]
[Result "1-0"]
[WhiteElo "2000"]
[BlackElo "1750"]
[PlyCount "129"]
[EventDate "2016.09.23"]
[EventType "team-tourn"]
[EventRounds "9"]
[EventCountry "SLO"]
[SourceTitle "EXT 2019"]
[Source "ChessBase"]
[SourceDate "2018.10.10"]
[SourceVersion "1"]
[SourceVersionDate "2018.10.10"]
[SourceQuality "1"]
[WhiteTeam "Lendava Rokada"]
[BlackTeam "Zagorje ob Savi"]
[WhiteTeamCountry "SLO"]
[BlackTeamCountry "SLO"]

1. d4 d5 2. c4 c6 3. cxd5 cxd5 4. Nc3 e6 5. Nf3 Nc6 6. Bf4 Bd6 7. Bg3 a6 8. e3 Nge7 9. Bd3 0-0 10. Rc1 f6 11. Bb1 b5 12. a3 Na5 13. Qc2 g6 14. 0-0 Nc4 15. Rfe1 f5 16. Ne5 Bb7 17. Ba2 Rc8 18. Qe2 Nc6 19. f4 Bxe5 20. fxe5 Qb6 21. Red1 Rf7 22. Nb1 Rcf8 23. Bf4 Qd8 24. b3 Nb6 25. Bh6 Re8 26. g3 Rc7 27. h4 Qe7 28. Qb2 Rec8 29. Nd2 Nd7 30. Bb1 b4 31. a4 a5 32. Bd3 Ndb8 33. Nf3 Na7 34. Kf2 Rc3 35. Ne1 R8c6 36. Rc2 Qc7 37. Rdc1 Rxc2+ 38. Rxc2 Rxc2+ 39. Qxc2 Qxc2+ 40. Bxc2 Ba6 41. Nd3 Nd7 42. g4 Nc6 43. gxf5 gxf5 44. Nf4 Kf7 45. Bd1 Ndxe5 46. dxe5 Nxe5 47. Bh5+ Ke7 48. Bg7 Nd7 49. Bd1 Bb7 50. Bc2 Kf7 51. Bh8 Kg8 52. Bb2 Kf7 53. Nd3 Nb6 54. Be5 Na8 55. Nc5 Bc8 56. Bd3 Ke8 57. Bb5+ Kd8 58. Ba6 Bd7 59. Nxd7 Kxd7 60. Bb5+ Kd8 61. Kf3 Nb6 62. Kf4 Nc8 63. Kg5 Nb6 64. Bd4 Nc8 65. Kf6 1-0

[Event "SLO-chT1 East"]
[Site "Celje"]
[Date "2014.10.17"]
[Round "6"]
[White "Kodela, Matjaz"]
[Black "Pavlic, Petra"]
[Result "1/2-1/2"]
[WhiteElo "2001"]
[BlackElo "1733"]
[PlyCount "85"]
[EventDate "2014.10.09"]
[EventType "team-tourn"]
[EventRounds "9"]
[EventCountry "SLO"]
[SourceTitle "EXT 2019"]
[Source "ChessBase"]
[SourceDate "2018.10.10"]
[SourceVersion "1"]
[SourceVersionDate "2018.10.10"]
[SourceQuality "1"]
[WhiteTeam "Rokada Lendava"]
[BlackTeam "Milan Majcen Sevnica"]
[WhiteTeamCountry "SLO"]
[BlackTeamCountry "SLO"]

1. d4 d5 2. c4 e6 3. Nc3 Bb4 4. a3 Bxc3+ 5. bxc3 Nf6 6. e3 0-0 7. Nf3 b6 8. cxd5 exd5 9. Qc2 Bb7 10. Bd3 Nbd7 11. 0-0 Re8 12. Bb2 Ne4 13. Rae1 Rc8 14. Nd2 c5 15. Qd1 cxd4 16. cxd4 Ndf6 17. Nb1 Nd6 18. Qb3 Nc4 19. Rc1 Qd6 20. Bf5 Rc7 21. Rc2 Ba6 22. Rfc1 Rce7 23. Bc3 Rc7 24. Bb4 Qd8 25. Qa4 Bc8 26. Bxc8 Qxc8 27. Nd2 a6 28. Nxc4 dxc4 29. Bd6 b5 30. Qa5 Rd7 31. Bg3 Qc6 32. h3 Ne4 33. Be5 Nf6 34. Rb2 Rb7 35. Bxf6 gxf6 36. Qc3 Rd7 37. Rcb1 Qd5 38. a4 Rb7 39. Rb4 Kh8 40. f3 Rd8 41. Rd1 f5 42. Kf2 Rb6 43. Rb2 1/2-1/2

[Event "SLO-chT 22th"]
[Site "Ljubljana"]
[Date "2012.12.07"]
[Round "7"]
[White "Kodela, Matjaz"]
[Black "Kos, Toni"]
[Result "0-1"]
[WhiteElo "2008"]
[BlackElo "2328"]
[PlyCount "72"]
[EventDate "2012.11.23"]
[EventType "team-tourn"]
[EventRounds "9"]
[EventCountry "SLO"]
[SourceTitle "CBM 151 Extra"]
[Source "ChessBase"]
[SourceDate "2012.12.18"]
[SourceVersion "1"]
[SourceVersionDate "2012.12.18"]
[SourceQuality "1"]
[WhiteTeam "Lendava Rokada"]
[BlackTeam "Krsko Triglav"]
[WhiteTeamCountry "SLO"]
[BlackTeamCountry "SLO"]

1. d4 d5 2. c4 dxc4 3. Nf3 Nf6 4. e3 e6 5. Bxc4 c5 6. 0-0 a6 7. dxc5 Qxd1 8. Rxd1 Bxc5 9. a3 Be7 10. b4 Nc6 11. Bb2 b5 12. Be2 0-0 13. Ne5 Nxe5 14. Bxe5 Bb7 15. Nd2 Nd7 16. Bb2 Nb6 17. Rac1 Rfc8 18. Rxc8+ Rxc8 19. Rc1 Rxc1+ 20. Bxc1 Bf6 21. Nb3 Na4 22. Bd3 Bd5 23. Nc5 Nxc5 24. bxc5 Kf8 25. Bd2 Ke8 26. a4 bxa4 27. Bc1 Kd7 28. Bxa6 Kc6 29. Ba3 Be7 30. Bd3 Bxc5 31. Bb2 g6 32. Kf1 a3 33. Bc3 a2 34. e4 Bb3 35. f4 Ba4 36. Ke1 Bb4 0-1

[Event "SLO-chT1 East"]
[Site "Celje"]
[Date "2008.12.14"]
[Round "5"]
[White "Kodela, Matjaz"]
[Black "Peric, Bernard"]
[Result "0-1"]
[WhiteElo "2025"]
[BlackElo "1840"]
[PlyCount "74"]
[EventDate "2008.11.20"]
[EventType "tourn"]
[EventRounds "9"]
[EventCountry "SLO"]
[SourceTitle "EXT 2010"]
[Source "ChessBase"]
[SourceDate "2010.11.25"]
[SourceVersion "1"]
[SourceVersionDate "2010.11.25"]
[SourceQuality "1"]

1. d4 e6 2. c4 f5 3. Nc3 Nf6 4. g3 c6 5. Bg2 d5 6. b3 Bb4 7. Bd2 0-0 8. a3 Bd6 9. c5 Bc7 10. Bg5 Nbd7 11. f4 h6 12. Bxf6 Qxf6 13. Nf3 Nxc5 14. Ne5 Ne4 15. Qc2 Bxe5 16. dxe5 Qe7 17. Bxe4 fxe4 18. Na4 Bd7 19. Nc5 b6 20. Nb7 c5 21. Nd6 a5 22. h4 Bc6 23. Rh2 Rad8 24. Rc1 Rxd6 25. exd6 Qxd6 26. e3 d4 27. Rd2 e5 28. b4 d3 29. bxc5 Qg6 30. Qb3+ Kh8 31. Kf2 exf4 32. gxf4 Qg4 33. Qd1 Qxh4+ 34. Kf1 Rxf4+ 35. exf4 e3 36. Rg2 Qh1+ 37. Rg1 Bg2+ 0-1

[Event "SLO-chT2 West"]
[Site "Kranj"]
[Date "2005.10.16"]
[Round "4.4"]
[White "Kodela, Matjaz"]
[Black "Budkovic, Tine"]
[Result "1-0"]
[WhiteElo "2011"]
[BlackElo "2118"]
[PlyCount "133"]
[EventDate "2005.10.14"]
[EventType "team-tourn"]
[EventRounds "5"]
[EventCountry "SLO"]
[SourceTitle "EXT 2009"]
[Source "ChessBase"]
[SourceDate "2008.11.26"]
[SourceVersion "1"]
[SourceVersionDate "2008.11.26"]
[SourceQuality "1"]

1. d4 d5 2. c4 c6 3. cxd5 cxd5 4. Nc3 Nc6 5. Nf3 Nf6 6. Bf4 Qb6 7. Qb3 e6 8. Qxb6 axb6 9. e3 Bb4 10. Bd3 Ne4 11. Bxe4 dxe4 12. Nd2 f5 13. Ke2 Ne7 14. Rhc1 Bd7 15. a3 Bxc3 16. bxc3 b5 17. f3 exf3+ 18. gxf3 Kf7 19. e4 g6 20. Kd3 Rhc8 21. Bd6 Rc6 22. Bb4 Rca6 23. Kc2 Bc6 24. Re1 Ng8 25. Kb2 Nf6 26. Re3 Rg8 27. Rae1 f4 28. R3e2 g5 29. Rg1 Raa8 30. Kc2 Rg6 31. Kd3 Rag8 32. Reg2 h5 33. h3 h4 34. Rc1 Rc8 35. Rcg1 Rcg8 36. Rc1 Rc8 37. Re1 Nh5 38. Rc1 Ng3 39. Rh2 Rgg8 40. Re1 Rge8 41. Nb3 Ra8 42. Kc2 Rac8 43. Nc5 Rcd8 44. Nd3 Rc8 45. Ne5+ Kf6 46. Kd3 Red8 47. Ra1 Be8 48. Rf2 b6 49. Rd2 Rc7 50. Kc2 Bh5 51. Kb2 Rcc8 52. Kb3 Ra8 53. Rc1 Kg7 54. Be7 Rdc8 55. Bxg5 Ra4 56. Bxh4 Rca8 57. Ra2 Ne2 58. Rxe2 Rxa3+ 59. Kc2 b4 60. cxb4 Bxf3 61. Nxf3 Rxf3 62. Kd2 Rxh3 63. Bg5 f3 64. Rf2 Ra3 65. Rc3 Ra1 66. Rcxf3 Rhh1 67. Bf6+ 1-0

[Event "Ljubljana op 14th"]
[Site "Ljubljana"]
[Date "2003.06.21"]
[Round "1"]
[White "Mazi, Leon"]
[Black "Kodela, Matjaz"]
[Result "1-0"]
[WhiteElo "2395"]
[BlackElo "1893"]
[PlyCount "91"]
[EventDate "2003.06.21"]
[EventType "swiss"]
[EventRounds "9"]
[EventCountry "SLO"]
[SourceTitle "EXT 2004"]
[Source "ChessBase"]
[SourceDate "2003.11.25"]
[SourceVersion "1"]
[SourceVersionDate "2003.11.25"]
[SourceQuality "1"]

1. e4 c6 2. d4 d5 3. Nc3 dxe4 4. Nxe4 Bf5 5. Ng3 Bg6 6. h4 h6 7. Nf3 Nd7 8. h5 Bh7 9. Bd3 Bxd3 10. Qxd3 Qc7 11. Ne4 Ngf6 12. g3 Nxe4 13. Qxe4 e6 14. Bd2 Be7 15. 0-0-0 0-0-0 16. Kb1 c5 17. Qe2 a6 18. d5 e5 19. c4 Rde8 20. Bc3 Rhg8 21. Rhe1 Bd6 22. Nh4 f6 23. Nf5 Kb8 24. Qc2 Ka7 25. Re4 Rb8 26. Rg4 Nb6 27. Bd2 Qd7 28. Ne3 Rbd8 29. Qf5 Qe7 30. Rc1 Nc8 31. Nd1 Qc7 32. Nc3 b6 33. Rh4 Rgf8 34. Re1 Qd7 35. Qc2 b5 36. cxb5 axb5 37. Be3 Nb6 38. a4 bxa4 39. Nxa4 Rc8 40. Qb3 Qb7 41. Nxc5 Rxc5 42. Qa3+ Kb8 43. Bxc5 Bxc5 44. Qxc5 Rc8 45. Qd6+ Ka7 46. Rb4 1-0

[Event "Portoroz op"]
[Site "Portoroz"]
[Date "1996.??.??"]
[Round "?"]
[White "Stantic, Severino"]
[Black "Kodela, Matjaz"]
[Result "1-0"]
[WhiteElo "2030"]
[BlackElo "2020"]
[PlyCount "81"]
[EventDate "1996.03.??"]
[EventType "swiss"]
[EventRounds "9"]
[EventCountry "SLO"]
[SourceTitle "CBM 051 Extra"]
[Source "ChessBase"]
[SourceDate "1996.05.01"]
[SourceVersion "1"]
[SourceVersionDate "1996.05.01"]
[SourceQuality "1"]

1. Nf3 Nf6 2. b3 c5 3. Bb2 Nc6 4. e3 d6 5. d4 e6 6. Bd3 cxd4 7. exd4 d5 8. 0-0 Be7 9. Qe2 0-0 10. a3 Ne8 11. Nbd2 f5 12. c4 Nc7 13. Rfd1 Qe8 14. Ne5 Rf6 15. Ndf3 Qh5 16. Nxc6 bxc6 17. Qe5 Ne8 18. Qe2 Rh6 19. Bc1 g5 20. Bxf5 Ng7 21. Bh3 Rg6 22. Re1 g4 23. Ne5 gxh3 24. Nxg6 Qxg6 25. g3 Rb8 26. cxd5 cxd5 27. Qe5 Rb7 28. Bf4 Bd7 29. Qe3 Nf5 30. Qc3 Bd6 31. Be5 Rc7 32. Qd3 Bxe5 33. Rxe5 Qg4 34. Rd1 Bb5 35. f3 Qg6 36. Qxb5 Nxg3 37. Qb8+ Kg7 38. Qxc7+ Kh6 39. Qc1+ Kg7 40. Kf2 Ne4+ 41. Rxe4 1-0